000 00339nam a2200157Ia 4500
100 _aMitra/L
650 _aChemistry
942 _cBK
654 _aInorganic Chemistry
245 _aText BookOf Inorganic Chemistry
260 _bGhosh & Co
_aCalcutta
_c1967
082 _a546
_bMit
300 _a714
546 _aENGLISH
999 _c34710
_d34710